Les dictons des mois - Statistiques

Statistiques générales
  • Ce quiz a été pris 37 fois
  • Le résultat moyen est 26 sur 60
Statistiques - réponses
Dicton à compléter % Correct
Autant de bonnes journées en {janvier}, autant de mauvaises en mai
89%
Brouillard en {novembre}, l'hiver sera tendre
89%
Pluie de {février} emplit les greniers
74%
{Décembre} trop beau, l'été dans l'eau
60%
Brouillard d'{octobre}, pluie de novembre, beaucoup de biens du ciel font descendre
57%
Temps trop doux en {août}, annonce hiver en courroux
51%
En {décembre} fais du bois et endors toi
49%
Jamais {février} n'a passé sans voir groseillier feuiller
49%
Le mois d'{avril} est cousu de mauvais fil
49%
Lune d'{avril} nouvelle ne passe pas sans gel
49%
Qui pêche en {juin}, ne pêche que du fretin
49%
Rosées du mois de {mai} rendent le mois d'août gai
49%
Si {février} laisse les fossés pleins, les greniers seront pleins
49%
Vent d'{octobre} est la mort des feuilles
49%
Au mois de {mai}, le seigle déborde la haie
46%
Cadeau de {janvier}, ingratitude de février
46%
C'est en {mars} que le printemps chante et que le rhumatisme augmente
46%
C'est le mois de {juin} qui fait le pain.
46%
En {septembre} se coupe ce qui se pend
46%
{Juin} bien fleuri, vrai paradis
46%
Neige de {décembre} c'est pour le jardin cendres
46%
Quand il gèle en {novembre}, adieu l'herbe tendre
46%
Si {décembre} est sous la neige, la récolte protège
46%
A {janvier} sage bon présage
43%
{Janvier} d'eau chiche fait paysan riche
43%
On n'a pas hiverné tant qu'{avril} n'est pas passé
43%
Pluie de {septembre} travaille à vigne et à semailles
43%
Si {février} n'est pas froid, mars le sera pour lui
43%
S'il tonne au mois de {juin}, année de paille et de foin
43%
Un pré ne vaut rien quand il ne verdit pas en {juin}
43%
{Août} mûrit les fruits, septembre les cueille
40%
Bise de {mars} et pluie d'avril sont aussi précieuses au jardinier que le chariot d'or du roi David
40%
Coupe ton bois en pleine lune d'{août}, il sera sain comme un os
40%
En {septembre}, l'hirondelle fuit du premier au huit
40%
En {septembre} si trois jours il tonne, c'est un nouveau bail pour l'automne
40%
Quand en {novembre} la neige est épaisse c'est d'un hiver froid la promesse
40%
Qui a la fièvre en {mai}, le reste de l'an vit sain et gai
40%
Chaleur de {mai}, fleurit ta haie
37%
En {octobre} tonnerre, vendange prospères
37%
Forte chaleur de {septembre}, à pluie d'octobre il faut s'attendre
37%
Jamais, en {juillet}, sécheresse n'a causé la moindre détresse
37%
{Juillet} sans orage, famine au village
37%
Mois de {janvier}, laisse la terre se reposer
37%
Neige en {décembre} est engrais pour la terre
37%
{octobre} glacé fait vermine trépasser
37%
On n'est pas sorti de l'hiver, qu'{avril} n'ait montré son derrière
37%
Quand {juillet} commencera, ta faux affûteras
37%
Quiconque se marie en {août}, souvent ne ramasse rien du tout
37%
Qui en {août} s'endormira, en janvier s'en repentira
37%
Si en {octobre} la chaleur dure, en février grande froidure
37%
Si le début de {juillet} est pluvieux, le restant du mois sera douteux
37%
Vent de {novembre} est mauvais sur l'eau
37%
Au moment où commence {avril}, l'esprit doit se montrer subtil
34%
En {février}, bon merle doit nicher
34%
En {mars}, quand il tonne l'amande sera bonne
34%
Neige de {mars} brûle le bourgeon
34%
Pluie de {mars} ne profite pas
34%
Tonnerre en {novembre} remplit le grenier
34%
En {juillet}, mois d'abondance, le pauvre a toujours sa pitance
31%
{Mai} clair et venteux, fait l'an plantureux
31%
Aucun quiz correspondant
Distribution des résultats
% des personnes avec chaque résultat
Percentile par nombre de réponses
Votre historique - résultats
Vous n’avez pas pris ce quiz